Kocourek Matýsek : pohádka pro nejmenší čtenáře /
Jednoduché, opakující se texty pomohou dětem vstoupit do světa čtení a radovat se ze čtenářských úspěchů a porozumění psanému textu. Veselé obrázky doplňují příběh o tom, že odvážný je nejen ten, kdo se postaví nepříteli, ale i ten, kdo se nebojí požádat o pomoc. Nakladatelská anotace. Kráceno....
Uloženo v:
| Hlavní autor: | |
|---|---|
| Další autoři: | |
| Médium: | E-kniha |
| Jazyk: | Czech |
| Vydáno: |
V Brně :
Edika,
2017
|
| Vydání: | 1. vydání |
| Edice: | Moje první čtení (Edika)
|
| Témata: | |
| Tagy: |
Žádné tagy |
| LEADER | 02528nam a2200505 i 4500 | ||
|---|---|---|---|
| 001 | 310852 | ||
| 003 | CZ PrSKC | ||
| 005 | 20260601215655.0 | ||
| 007 | ta | ||
| 008 | 171114s2017 xr a b 000 j cze | ||
| 015 | |a cnb002955062 | ||
| 020 | |a 9788026611882 |q (vázáno) : |c Kč 169,00 | ||
| 035 | |a (OCoLC)1022790609 | ||
| 040 | |a OLA001 |b cze |e rda | ||
| 072 | 7 | |a 821.162.3-3 |x Česká próza |2 Konspekt | |
| 072 | 7 | |a 821-93 |x Literatura pro děti a mládež (beletrie) |2 Konspekt | |
| 080 | |a 821.162.3-32 |2 MRF | ||
| 080 | |a 821-93 |2 MRF | ||
| 080 | |a (0:82-32) |2 MRF | ||
| 100 | 1 | |a Hurtíková, Vlasta |7 mzk2013773166 |4 aut | |
| 245 | 1 | 0 | |a Kocourek Matýsek : |b pohádka pro nejmenší čtenáře / |c Vlasta Hurtíková ; ilustroval Jiří Kaláček |
| 250 | |a 1. vydání | ||
| 264 | 1 | |a V Brně : |b Edika, |c 2017 | |
| 300 | |a 35 stran : |b barevné ilustrace ; |c 24 cm + |e 2 nečíslované listy vystřihovánek | ||
| 336 | |a text |b txt |2 rdacontent | ||
| 336 | |a statický obraz |b sti |2 rdacontent | ||
| 337 | |a bez média |b n |2 rdamedia | ||
| 338 | |a svazek |b nc |2 rdacarrier | ||
| 490 | 1 | |a Moje první čtení | |
| 500 | |a Listy s vystřihovánkami všity na konci publikace | ||
| 520 | 2 | |a Jednoduché, opakující se texty pomohou dětem vstoupit do světa čtení a radovat se ze čtenářských úspěchů a porozumění psanému textu. Veselé obrázky doplňují příběh o tom, že odvážný je nejen ten, kdo se postaví nepříteli, ale i ten, kdo se nebojí požádat o pomoc. Nakladatelská anotace. Kráceno. | |
| 520 | 2 | |a Pohádka o statečné včelce, která se nebála a vyhnala nezvaného návštěvníka z domečku kocourka Matýska. Publikace pro začínající čtenáře doplněna o papírové loutky k vystřižení. | |
| 521 | 8 | |a Pro děti od 6 let | |
| 655 | 7 | |a české příběhy |7 fd133973 |2 czenas | |
| 655 | 7 | |a publikace pro děti |7 fd133156 |2 czenas | |
| 655 | 9 | |a Czech stories |2 eczenas | |
| 655 | 9 | |a children's literature |2 eczenas | |
| 700 | 1 | |a Kaláček, Jiří |7 xx0133526 |4 ill | |
| 830 | 0 | |a Moje první čtení (Edika) | |
| 900 | |a ABA001 |b 21 | ||
| 928 | 9 | |a Albatros Media - Edika | |
| 044 | |a xr | ||
| 910 | |a RBIT002 | ||
| 998 | |d 176915 |a https://core.palmknihy.cz/api/books/176915/cover?p1a8fs |b https://core.palmknihy.cz/api/books/176915/cover/400?lns03h |c https://core.palmknihy.cz/api/books/176915/cover/50?uowtrk |e 3999-12-31 |g 40 |i 9788026611882 |k https://core.palmknihy.cz/api/books/176915/preview.pdf |l |q 49 |r 1 |s https://www.palmknihy.cz/kniha/176915 |t ebook |y 2017 |z 0 | ||
| 999 | |d 310850 | ||